| 000 | 00938nam a22002657a 4500 | ||
|---|---|---|---|
| 001 | BR8901110 | ||
| 003 | BR-BrBNA | ||
| 005 | 20230928093151.0 | ||
| 007 | ta | ||
| 008 | 230509b bl.||||| |||| 00| 0 por d | ||
| 040 |
_aBR-BrBNA _bpor _cBiblioteca Nacional de Agricultura |
||
| 041 | _a(Por) | ||
| 072 |
_aF30 _b0430 _b/G528 |
||
| 090 | _ 0430 BR8901110 | ||
| 100 | 1 | _aRaidan Gonzalez, L.M.A. | |
| 110 | 1 |
_aEscola Superior de Agricultura Luiz de Queiroz, Piracicaba, SP (Brasil). Biblioteca _0Tese (Mestre em Agronomia) _94379 |
|
| 245 | 1 | _aEstudo da interacao de genotipos x ambientes para a cultura do algodao (Gossypium sp.)na regiao oriental do Paraguai | |
| 260 | 3 |
_aPiracicaba, SP (Brasil): _c1988. |
|
| 300 | _a106 p. | ||
| 500 | _a19 tables; Bibliography p. 76-82 (54 ref.); Summaries (Eng, Por) | ||
| 650 | _aALGODAO | ||
| 650 | _aMELHORAMENTO GENETICO VEGETAL | ||
| 909 |
_a202309 _bLucia _c55 _dLucia Elande |
||
| 942 | _cBK | ||
| 999 |
_c43378 _d43378 |
||